Sports Quiz

Random Sports or NBA Quiz

NBA Best Selling Jerseys by Team (2011) Quiz Stats

 Plays Quiz Updated Sep 24, 2018

Challenge
Share
Tweet
Embed
Score 0/30 Timer 03:00
7 Plays Today
Team Player % Correct
Miami HeatLebron James
80.3%
Los Angeles LakersKobe Bryant
79.5%
Oklahoma City ThunderKevin Durant
76.7%
Chicago BullsDerrick Rose
76.6%
Orlando MagicDwight Howard
73.4%
Phoenix SunsSteve Nash
71.5%
New York KnicksCarmelo Anthony
70.8%
Dallas MavericksDirk Nowitzki
70.2%
Boston CelticsRajon Rondo
69.9%
Los Angeles ClippersBlake Griffin
69.4%
New Orleans HornetsChris Paul
66.2%
Washington WizardsJohn Wall
62.3%
Minnesota TimberwolvesKevin Love
60.3%
Atlanta HawksJoe Johnson
58.3%
New Jersey NetsDeron Williams
53.5%
Team Player % Correct
San Antonio SpursManu Ginobili
53.2%
Indiana PacersDanny Granger
50.7%
Portland TrailblazersBrandon Roy
50.4%
Memphis GrizzliesZach Randolph
49.8%
Golden State WarriorsMonta Ellis
48.4%
Milwaukee BucksBrandon Jennings
45%
Sacramento KingsTyreke Evans
41.5%
Philadelphia 76ersAndre Iguodala
40.1%
Cleveland CavaliersAntawn Jamison
26.6%
Charlotte BobcatsStephen Jackson
19.9%
Utah JazzPaul Millsap
19.2%
Houston RocketsShane Battier
16.3%
Denver NuggetsDanilo Gallinari
15.8%
Toronto RaptorsLeandro Barbosa
4.8%
Detroit PistonsJonas Jerebko
3.8%

You're not logged in!

Compare scores with friends on all Sporcle quizzes.
OR
Log In

You Might Also Like...

Show Comments

Extras

Top Quizzes Today


Score Distribution

Your Account Isn't Verified!

In order to create a playlist on Sporcle, you need to verify the email address you used during registration. Go to your Sporcle Settings to finish the process.

Report this User

Report this user for behavior that violates our Community Guidelines.

Details: